Wa-iḥtaraqat al-Qāhirah. (Record no. 50658)

MARC details
000 -LEADER
fixed length control field 00487cam a22002051 4500
001 - CONTROL NUMBER
control field ne 68003006
003 - CONTROL NUMBER IDENTIFIER
control field DLC
005 - DATE AND TIME OF LATEST TRANSACTION
control field 20260227111845.0
008 - FIXED-LENGTH DATA ELEMENTS--GENERAL INFORMATION
fixed length control field 881028s1968 xx a 000 0 ara
010 ## - LIBRARY OF CONGRESS CONTROL NUMBER
LC control number ne 68003006
035 ## - SYSTEM CONTROL NUMBER
System control number (OCoLC)23496370
040 ## - CATALOGING SOURCE
Original cataloging agency DLC
Transcribing agency MiU
Modifying agency DLC
042 ## - AUTHENTICATION CODE
Authentication code premarc
050 00 - LIBRARY OF CONGRESS CALL NUMBER
Classification number PJ7832.U8
Item number W3
100 1# - MAIN ENTRY--PERSONAL NAME
Personal name Hussein, Ahmad.
245 10 - TITLE STATEMENT
Title Wa-iḥtaraqat al-Qāhirah.
260 ## - PUBLICATION, DISTRIBUTION, ETC.
Date of publication, distribution, etc. 1968.
300 ## - PHYSICAL DESCRIPTION
Extent 559 p.
Other physical details illus.
Dimensions 20 cm.
500 ## - GENERAL NOTE
General note Romanized.

No items available.

Powered by Koha